<?xml version="1.0" encoding="UTF-8"?><?xml-stylesheet type="text/xsl" href="static/style.xsl"?><OAI-PMH xmlns="http://www.openarchives.org/OAI/2.0/" xmlns:xsi="http://www.w3.org/2001/XMLSchema-instance" xsi:schemaLocation="http://www.openarchives.org/OAI/2.0/ http://www.openarchives.org/OAI/2.0/OAI-PMH.xsd"><responseDate>2026-04-29T01:22:05Z</responseDate><request verb="GetRecord" identifier="oai:riubu.ubu.es:10259/6747" metadataPrefix="marc">https://riubu.ubu.es/oai/request</request><GetRecord><record><header><identifier>oai:riubu.ubu.es:10259/6747</identifier><datestamp>2022-07-01T00:05:17Z</datestamp><setSpec>com_10259_6394</setSpec><setSpec>com_10259_5086</setSpec><setSpec>com_10259_2604</setSpec><setSpec>col_10259_6395</setSpec></header><metadata><record xmlns="http://www.loc.gov/MARC21/slim" xmlns:doc="http://www.lyncode.com/xoai" xmlns:xsi="http://www.w3.org/2001/XMLSchema-instance" xmlns:dcterms="http://purl.org/dc/terms/" xsi:schemaLocation="http://www.loc.gov/MARC21/slim http://www.loc.gov/standards/marcxml/schema/MARC21slim.xsd">
<leader>00925njm 22002777a 4500</leader>
<datafield tag="042" ind1=" " ind2=" ">
<subfield code="a">dc</subfield>
</datafield>
<datafield tag="720" ind1=" " ind2=" ">
<subfield code="a">Robaina, Igor Martins Medeiros</subfield>
<subfield code="e">author</subfield>
</datafield>
<datafield tag="260" ind1=" " ind2=" ">
<subfield code="c">2011-01</subfield>
</datafield>
<datafield tag="520" ind1=" " ind2=" ">
<subfield code="a">O presente trabalho busca compreender a realidade dos grupos marginalizados nos espaços públicos das grandes metrópoles, mais especificamente, o&#xd;
caso das populações de rua. As condições adversas enfrentadas por estes grupos&#xd;
os forçam a buscar estratégias espaciais de sobrevivência, nas quais não só as&#xd;
necessidades básicas como alimentação, abrigo e segurança, mas também laços&#xd;
e vínculos afetivos são construídos em dimensões bastante particulares, sobretudo, se pensarmos que são produzidas em logradouros públicos (Ruas, Praças,&#xd;
Parques, Jardins, calçadas etc) e em uma conflituosa relação público-privado,&#xd;
inclusive com outros grupos sociais. Deste modo, o território se insere como&#xd;
um importante instrumento de compreensão analítica para os geógrafos; um&#xd;
espaço real mediado pelas relações de poder e indissociavelmente vital para a&#xd;
existência humana destes grupos no espaço urbano.</subfield>
</datafield>
<datafield tag="520" ind1=" " ind2=" ">
<subfield code="a">The present work has the purpose of understanding the reality of&#xd;
marginalized groups in public spaces of big metropolises, more specifically, the&#xd;
case of homeless populations. The adverse conditions faced by these groups&#xd;
force them to find spacial strategies of surviving in which, not only the basic&#xd;
needs like food, shelter and security, but also affective relationships are built&#xd;
on very specific dimensions, specially if we think that it occurs in public places&#xd;
(streets, squares, parks, public gardens, sidewalks, etc.) and in a conflicting relation between the public and the private, even with other social groups. This way,&#xd;
the territory is inserted as an important tool for analytical comprehension for&#xd;
geography researchers. A real space mediated by power relations and inextricably&#xd;
vital for human existence of these groups in urban space.</subfield>
</datafield>
<datafield tag="520" ind1=" " ind2=" ">
<subfield code="a">El presente trabajo busca comprender la realidad de los grupos&#xd;
marginados en los espacios públicos de las grandes metrópolis, más específicamente, el caso de las poblaciones en situación de calle. Las condiciones adversas&#xd;
enfrentadas por estos grupos los fuerzan a buscar estratégias espaciales de supervivencia, en las cuales no sólo necesidades básicas como alimentación, refugio y&#xd;
seguridad, sino también lazos y vínculos son construidos en dimensiones muy&#xd;
particulares, sobre todo si pensamos que son producidas en espacios públicos&#xd;
(calles, plazas, jardines, aceras) y en una conflictuosa relación público-privado,&#xd;
incluso con otros grupos sociales. De tal manera, el territorio se inserta como&#xd;
un importante instrumento de comprensión analítica para los geógrafos; un&#xd;
espacio real mediado por las relaciones de poder e indisociablemente vital para&#xd;
la existencia humana de estos grupos en el espacio urbano.</subfield>
</datafield>
<datafield tag="024" ind2=" " ind1="8">
<subfield code="a">2176-9559</subfield>
</datafield>
<datafield tag="024" ind2=" " ind1="8">
<subfield code="a">http://hdl.handle.net/10259/6747</subfield>
</datafield>
<datafield tag="024" ind2=" " ind1="8">
<subfield code="a">2177-7829</subfield>
</datafield>
<datafield ind1=" " ind2=" " tag="653">
<subfield code="a">Geografia urbana</subfield>
</datafield>
<datafield ind1=" " ind2=" " tag="653">
<subfield code="a">Espaço público</subfield>
</datafield>
<datafield ind1=" " ind2=" " tag="653">
<subfield code="a">Território</subfield>
</datafield>
<datafield ind1=" " ind2=" " tag="653">
<subfield code="a">Contenção territorial</subfield>
</datafield>
<datafield ind1=" " ind2=" " tag="653">
<subfield code="a">Populações de rua</subfield>
</datafield>
<datafield ind1=" " ind2=" " tag="653">
<subfield code="a">Urban geography</subfield>
</datafield>
<datafield ind1=" " ind2=" " tag="653">
<subfield code="a">Public spaces</subfield>
</datafield>
<datafield ind1=" " ind2=" " tag="653">
<subfield code="a">Territory</subfield>
</datafield>
<datafield ind1=" " ind2=" " tag="653">
<subfield code="a">Territorial containment</subfield>
</datafield>
<datafield ind1=" " ind2=" " tag="653">
<subfield code="a">Homeless</subfield>
</datafield>
<datafield ind1=" " ind2=" " tag="653">
<subfield code="a">Espacio público</subfield>
</datafield>
<datafield ind1=" " ind2=" " tag="653">
<subfield code="a">Contención territorial</subfield>
</datafield>
<datafield ind1=" " ind2=" " tag="653">
<subfield code="a">Poblaciones sin hogar</subfield>
</datafield>
<datafield tag="245" ind1="0" ind2="0">
<subfield code="a">Populações “daninhas”? Contenção territorial e estratégias de sobrevivência das populações de rua nos espaços públicos das grandes metrópoles</subfield>
</datafield>
</record></metadata></record></GetRecord></OAI-PMH>